[Event "AUTO-OPEN-4342"]
[Site "http://www.queenalice.com/game.php?id=1780811"]
[Date "2022.1.19"]
[Round "1"]
[White "Dangermouse"]
[Black "wudang"]
[Result "0-1"]
[WhiteElo "2173"]
[BlackElo "2642"]

1. d4 d5 2. c4 dxc4 3. e3 c5 4. Bxc4 Nf6 5. Nf3 a6 6. O-O e6 7. dxc5 Bxc5 8.
Qxd8+ Kxd8 9. a3 b5 10. Be2 Bb7 11. b4 Bd6 12. Bb2 Ke7 13. Bxf6+ Kxf6 14. Rd1
Ke7 0-1

[Event "AUTO-OPEN-4342"]
[Site "http://www.queenalice.com/game.php?id=1780838"]
[Date "2022.1.19"]
[Round "1"]
[White "askasl159"]
[Black "Dangermouse"]
[Result "0-1"]
[WhiteElo "1651"]
[BlackElo "2215"]

1. e4 e6 2. Nf3 d5 3. exd5 exd5 4. d4 Nf6 5. Qe2+ Be7 6. g3 O-O 7. Bg2 Re8 8.
O-O b6 9. Be3 Bg4 10. c4 Nc6 11. cxd5 Nxd5 12. Nc3 Nxe3 13. fxe3 Bg5 14. h3 Nxd4
15. Qc4 Bxe3+ 16. Kh1 Be6 17. Qd3 Nf5 18. Qxd8 Raxd8 19. Rfe1 Nxg3+ 20. Kh2 Bf4
21. Kg1 c5 22. b3 Rd3 23. Ne4 Nf5 24. Ned2 Bxd2 25. Nxd2 Rxd2 26. Red1 Red8 27.
Rxd2 Rxd2 28. Be4 Nd4 29. h4 Ne2+ 30. Kf1 Ng3+ 0-1

[Event "AUTO-OPEN-4342"]
[Site "http://www.queenalice.com/game.php?id=1780839"]
[Date "2022.1.19"]
[Round "1"]
[White "Dangermouse"]
[Black "askasl159"]
[Result "1-0"]
[WhiteElo "2190"]
[BlackElo "1747"]

1. d4 d5 2. c4 c6 3. Nc3 g6 4. e3 Bg7 5. Nf3 Bg4 6. Be2 Bxf3 7. Bxf3 Nf6 8. cxd5
Nxd5 9. Qb3 Nxc3 10. bxc3 Qc7 11. O-O O-O 12. Rb1 b6 13. Ba3 Re8 14. Qa4 e5 15.
d5 cxd5 16. Qxe8+ 1-0

[Event "AUTO-OPEN-4342"]
[Site "http://www.queenalice.com/game.php?id=1780856"]
[Date "2022.1.19"]
[Round "1"]
[White "Canaye"]
[Black "Dangermouse"]
[Result "0-1"]
[WhiteElo "1999"]
[BlackElo "2184"]

1. d4 d5 2. c4 e6 3. Nc3 Nf6 4. cxd5 exd5 5. h3 Bb4 6. Qc2 c5 7. Nf3 O-O 8. a3
Bxc3+ 9. Qxc3 cxd4 10. Nxd4 Be6 11. e3 Ne4 12. Qc2 Nd7 13. Nxe6 fxe6 14. f3 Rc8
15. Qb1 Qh4+ 16. Ke2 Ng3+ 17. Kd1 Nxh1 0-1

[Event "AUTO-OPEN-4342"]
[Site "http://www.queenalice.com/game.php?id=1780857"]
[Date "2022.1.19"]
[Round "1"]
[White "Dangermouse"]
[Black "Canaye"]
[Result "1-0"]
[WhiteElo "2177"]
[BlackElo "2008"]

1. d4 e6 2. c4 d5 3. Nc3 Bb4 4. e3 Bxc3+ 5. bxc3 c5 6. cxd5 exd5 7. Nf3 Nd7 8.
Bb5 Qa5 9. a4 c4 10. O-O Ne7 11. Ba3 Nc6 12. e4 dxe4 13. Ng5 h6 14. Nxe4 Ne7 15.
Nd6+ Kf8 16. Re1 1-0

[Event "Challenge"]
[Site "http://www.queenalice.com/game.php?id=1782572"]
[Date "2022.2.11"]
[Round "-"]
[White "Dangermouse"]
[Black "rmvwoods"]
[Result "1-0"]
[WhiteElo "2212"]
[BlackElo "2153"]

1. e4 d6 2. d4 Nf6 3. Nc3 c6 4. Bd3 e5 5. Nf3 Bg4 6. Be3 Nbd7 7. O-O Be7 8. h3
Bxf3 9. Qxf3 O-O 10. dxe5 Nxe5 11. Qe2 Qc7 12. f4 Ng6 13. Rad1 b6 14. f5 Ne5 15.
Bd4 c5 16. Bxe5 dxe5 17. g4 g6 18. Bc4 Rad8 19. Qe3 Rd4 20. Nb5 Rxe4 21. Qxe4
1-0

[Event "Challenge"]
[Site "http://www.queenalice.com/game.php?id=1785488"]
[Date "2022.3.23"]
[Round "-"]
[White "rmvwoods"]
[Black "Dangermouse"]
[Result "0-1"]
[WhiteElo "2078"]
[BlackElo "2178"]

1. d4 d5 2. Nf3 e6 3. Bf4 Nf6 4. e3 Bd6 5. Nbd2 O-O 6. Be2 c5 7. Be5 Bxe5 8.
Nxe5 cxd4 9. exd4 Nc6 10. Ndf3 Qb6 11. b3 Qa5+ 12. Qd2 Qxd2+ 13. Nxd2 Nxd4 14.
Bd3 Nd7 15. Nxd7 Bxd7 16. c3 Nb5 17. Bxb5 Bxb5 18. O-O-O Rac8 19. Kb2 f6 20. Nf3
Be2 21. Rd2 Bxf3 22. gxf3 g6 23. f4 Rfe8 24. Rd4 Rc7 25. Rc1 Rec8 26. c4 dxc4
27. Rdxc4 Rxc4 28. Rxc4 Rxc4 29. bxc4 h6 30. Kc3 Kf7 31. Kd4 Ke7 32. c5 Kd7 33.
a4 Kc6 34. f3 a5 35. h4 h5 36. Kc4 e5 37. fxe5 fxe5 0-1

[Event "AUTO-OPEN-4358"]
[Site "http://www.queenalice.com/game.php?id=1785520"]
[Date "2022.3.24"]
[Round "1"]
[White "Dangermouse"]
[Black "CCapivara"]
[Result "0-1"]
[WhiteElo "2212"]
[BlackElo "2262"]

1. d4 d6 2. c4 Nf6 3. Nc3 c6 4. e3 Bg4 5. Nf3 Nbd7 6. h3 Bh5 7. Be2 e5 8. O-O
Be7 9. b3 O-O 10. Bb2 e4 0-1

[Event "AUTO-OPEN-4358"]
[Site "http://www.queenalice.com/game.php?id=1785521"]
[Date "2022.3.24"]
[Round "1"]
[White "CCapivara"]
[Black "Dangermouse"]
[Result "1-0"]
[WhiteElo "2251"]
[BlackElo "2223"]

1. e4 e6 2. d4 d5 3. exd5 exd5 4. Nf3 Nf6 5. Bd3 Be7 6. O-O O-O 7. Bg5 Bg4 8.
Nbd2 Nbd7 9. c3 c5 10. Re1 c4 11. Bc2 1-0

[Event "AUTO-OPEN-4358"]
[Site "http://www.queenalice.com/game.php?id=1785522"]
[Date "2022.3.24"]
[Round "1"]
[White "Dangermouse"]
[Black "clovis"]
[Result "0-1"]
[WhiteElo "2187"]
[BlackElo "2116"]

1. d4 d5 2. c4 c6 3. e3 Nf6 4. Nf3 e6 5. Nc3 Ne4 6. Bd3 Bb4 7. Qb3 Qe7 8. c5
Bxc3+ 9. bxc3 Nd7 10. Bxe4 dxe4 0-1

[Event "AUTO-OPEN-4358"]
[Site "http://www.queenalice.com/game.php?id=1785523"]
[Date "2022.3.24"]
[Round "1"]
[White "clovis"]
[Black "Dangermouse"]
[Result "1-0"]
[WhiteElo "2101"]
[BlackElo "2202"]

1. e4 e6 2. d4 d5 3. exd5 exd5 4. Nf3 Nf6 5. Bd3 Be7 6. O-O O-O 7. Ne5 c5 8. c3
Nc6 9. Bg5 cxd4 10. cxd4 Nxe5 11. dxe5 1-0

[Event "AUTO-OPEN-4366"]
[Site "http://www.queenalice.com/game.php?id=1788436"]
[Date "2022.5.6"]
[Round "1"]
[White "Fischercat"]
[Black "Dangermouse"]
[Result "0-1"]
[WhiteElo "1839"]
[BlackElo "2174"]

1. Nc3 e6 2. Nf3 d5 3. d4 c5 4. dxc5 Bxc5 5. e3 Nc6 6. Bb5 a6 7. Bxc6+ bxc6 8.
O-O Nf6 9. a3 O-O 10. b4 Bd6 11. Bb2 a5 12. b5 e5 13. bxc6 e4 14. Nd4 Bxh2+ 15.
Kxh2 Ng4+ 16. Kg3 h5 0-1

[Event "AUTO-OPEN-4366"]
[Site "http://www.queenalice.com/game.php?id=1788437"]
[Date "2022.5.6"]
[Round "1"]
[White "Dangermouse"]
[Black "Fischercat"]
[Result "1-0"]
[WhiteElo "2172"]
[BlackElo "1844"]

1. d4 d5 2. c4 dxc4 3. e3 Bf5 4. Bxc4 Bxb1 5. Rxb1 e6 6. Nf3 Bb4+ 7. Bd2 Bxd2+
8. Qxd2 c6 9. O-O b5 10. Bd3 Nf6 11. Rfc1 O-O 12. Ne5 Qc7 13. Bxb5 Ne4 14. Qc2
1-0

[Event "AUTO-OPEN-4366"]
[Site "http://www.queenalice.com/game.php?id=1788448"]
[Date "2022.5.6"]
[Round "1"]
[White "Dangermouse"]
[Black "gizmokaka"]
[Result "0-1"]
[WhiteElo "2187"]
[BlackElo "2425"]

1. d4 d5 2. c4 e6 3. e3 Nf6 4. Nc3 Be7 5. Nf3 O-O 6. cxd5 exd5 7. Bd3 Re8 8. O-O
h6 9. Re1 c6 10. b3 Bg4 11. h3 Bh5 12. Bb2 Nbd7 13. Be2 Bd6 14. Nh4 Bxe2 15.
Qxe2 Bc7 16. Nf5 Nf8 17. Qc2 Qd7 18. Nh4 Ne4 19. Nf3 Rad8 20. Rac1 Qe7 21. Nxe4
dxe4 22. Nd2 Ng6 23. Qc5 Qe6 24. Qxa7 Rd7 25. Kh1 Nh4 26. Ba3 Bb8 27. Qa5 Rd5
28. Rc5 Qf5 29. Re2 Qg6 30. g3 Bxg3 31. fxg3 Qxg3 32. Qc3 Re6 33. Qc1 Nf5 0-1

[Event "AUTO-OPEN-4366"]
[Site "http://www.queenalice.com/game.php?id=1788449"]
[Date "2022.5.6"]
[Round "1"]
[White "gizmokaka"]
[Black "Dangermouse"]
[Result "1-0"]
[WhiteElo "2428"]
[BlackElo "2182"]

1. e4 e6 2. d4 d5 3. Nc3 Nf6 4. e5 Nfd7 5. f4 c5 6. Nf3 Nc6 7. Be3 Qb6 8. Na4
Qa5+ 9. c3 cxd4 10. b4 Nxb4 11. cxb4 Bxb4+ 12. Bd2 Bxd2+ 13. Nxd2 b6 14. Bd3 Ba6
15. Nb2 Nc5 16. Bxa6 Qxa6 17. Qe2 Rc8 18. Qxa6 Nxa6 19. Ke2 Kd7 20. Rhc1 Nb4 21.
Rxc8 Rxc8 22. Nd3 Nc2 23. Rc1 Rc3 24. Nb3 Rc4 25. Nd2 Rc3 26. Nb3 Rc4 27. Nb2
Rc3 28. Nd1 Rc6 29. h4 h6 30. Kd2 Nb4 31. Rxc6 Nxc6 32. Nf2 Ke7 33. Ng4 a5 34.
a4 1-0